Avokádo - Unikátne ovocie

Salvato in:
Dettagli Bibliografici
Autore principale: Medvecká, Vanesa (Autore)
Altri autori: Hybenová, Eva (Relatore della tesi)
Natura: Manoscritto Libro
Lingua:slovacco
Pubblicazione: 2024
Soggetti:
Accesso online:http://is.stuba.sk/zp/portal_zp.pl?podrobnosti=162395
Tags: Aggiungi Tag
Nessun Tag, puoi essere il primo ad aggiungerne!!

MARC

LEADER 00000ntm a22000003a 4500
001 stuzp99272
003 SK-STU
005 20240622210817.6
007 ta
008 150427s2015----xo-----f-mn---000-0-slo-d
040 |a STU  |b slo 
041 0 |a slo 
100 1 |a Medvecká, Vanesa  |u 040270  |4 aut  |U FCHPT Ústav potravinárstva a výživy  |T FCHPT Oddelenie výživy a hodnotenia kvality potravín  |X 110559  |U C0270  |Y 686  |7 110559 
242 0 1 |a Avocado - A unique fruit  |y eng 
245 1 0 |a Avokádo - Unikátne ovocie 
260 |c 2024 
650 4 |a chemické zloženie  |2 slo 
650 4 |a avokádo  |2 slo 
650 4 |a využitie avokáda  |2 slo 
650 4 |a Persea americana  |2 slo 
650 4 |a nutričné vlastnosti  |2 slo 
650 4 |a Persea americana  |2 eng 
650 4 |a avocado  |2 eng 
650 4 |a chemical composition  |2 eng 
650 4 |a nutritional properties  |2 eng 
650 4 |a avocado utilization  |2 eng 
700 1 |a Hybenová, Eva  |u 040270  |k Z1  |4 ths  |U FCHPT Ústav potravinárstva a výživy  |T FCHPT Oddelenie výživy a hodnotenia kvality potravín  |X 3897  |U C0270  |Y 686  |7 A000003897 
856 4 |u http://is.stuba.sk/zp/portal_zp.pl?podrobnosti=162395